000 00663nam a2200193 a 4500
005 20231021063609.0
008 991125s1976 kin 000 0 eng u
035 _aUPN01000033959
049 _aF
050 4 _aBF318
_bT5.5
100 1 _aThomas, Laurie F.
_929542
245 1 0 _aLearning to learn :
_bthe personal construction and exchange of meaning /
_cLaurie F. Thomas, Sheila Hari-Augstein.
260 _aKingstone Lane, Uxbridge :
_bBrunel University,
_c1976.
300 _a29 h.
650 4 _aMétodos de estudio
_94280
650 4 _aLECTURA ORAL -
_xESTUDIO Y ENSEÑANZA (ELEMENTAL)
700 1 _aHarri-Augstein, E. Sheila
_ecoaut.
_928386
905 _aLibro
999 _c33959
_d33959